Word Power Made Easy (Record no. 7987)

MARC details
000 -LEADER
fixed length control field 00329nam a2200145Ia 4500
003 - CONTROL NUMBER IDENTIFIER
control field OSt
008 - FIXED-LENGTH DATA ELEMENTS--GENERAL INFORMATION
fixed length control field 191201s2016 xx 000 0 und d
082 ## - DEWEY DECIMAL CLASSIFICATION NUMBER
Classification number 428.1
Item number LEW
100 ## - MAIN ENTRY--PERSONAL NAME
Personal name LEWIS, Norman
245 #0 - TITLE STATEMENT
Title Word Power Made Easy
250 ## - EDITION STATEMENT
Edition statement Rep
260 ## - PUBLICATION, DISTRIBUTION, ETC. (IMPRINT)
Date of publication, distribution, etc 2016
Name of publisher, distributor, etc Goyal Publisher
Place of publication, distribution, etc New Delhi
300 ## - PHYSICAL DESCRIPTION
Extent 686
942 ## - ADDED ENTRY ELEMENTS (KOHA)
Source of classification or shelving scheme Dewey Decimal Classification
Koha item type Text Books
Holdings
Withdrawn status Lost status Source of classification or shelving scheme Damaged status Not for loan Collection code Home library Current library Date acquired Source of acquisition Cost, normal purchase price Bill Number Total Checkouts Full call number Acc. no. / Barcode Date last seen Date last borrowed Actual Cost, discounted price Bill Date Koha item type Public note Checked out
    Dewey Decimal Classification     BCA PIET C-LIBRARY PIET C-LIBRARY 15/05/2019 Kirti Prakashan 179.00 IN3880 1 428.1 LEW BC1313 28/02/2025 18/02/2025 143.20 15/05/2019 Text Books Language  
    Dewey Decimal Classification     BCA PIET C-LIBRARY PIET C-LIBRARY 15/05/2019 Kirti Prakashan 179.00 IN3880 5 428.1 LEW BC1314 30/03/2022 14/03/2022 143.20 15/05/2019 Text Books    
    Dewey Decimal Classification     BCA PIET C-LIBRARY PIET C-LIBRARY 15/05/2019 Kirti Prakashan 179.00 IN3880 4 428.1 LEW BC1315 23/04/2026 23/04/2026 143.20 15/05/2019 Text Books Language 09/11/2026
    Dewey Decimal Classification     BCA PIET C-LIBRARY PIET C-LIBRARY 15/05/2019 Kirti Prakashan 179.00 IN3880   428.1 LEW BC1316 04/12/2019   143.20 15/05/2019 Text Books Language  
    Dewey Decimal Classification     BCA PIET C-LIBRARY PIET C-LIBRARY 15/05/2019 Kirti Prakashan 179.00 IN3880 1 428.1 LEW BC1317 17/08/2021 21/07/2021 143.20 15/05/2019 Text Books Language  
    Dewey Decimal Classification     BCA PIET C-LIBRARY PIET C-LIBRARY 15/05/2019 Kirti Prakashan 179.00 IN3880 6 428.1 LEW BC1318 08/08/2022 08/07/2022 143.20 15/05/2019 Text Books    

Design & Developed by: PIET Central Library
R70 Miles Stone Pattikalyana Samalkha Panipat 132102
mail ID :- [email protected], Phone No:- 0180-2569700 Ex.216